000 01452nam a2200277Ia 4500
999 _c53827
_d53827
001 20878
003 GE_BSU
005 20210607173247.0
008 181216s2015||||ge |||||||||||||| ||geo||
020 _a9789941944451
040 _cGE_BSU
041 _ageo
080 _a343(075.8)(479.22) ს-32
245 _aსაქართველოს სისხლის სამართლის პროცესი :
_bკერძო ნაწილი /
_cავტ. : მ. მამნიაშვილი, ჯ. გახოკიძე, [და სხვ.] ; რედ. : ჯემალ გახოკიძე, მიხეილ მამნიაშვილი, ირაკლი გაბისონია.
250 _aმე-3 გამოცემა
264 _aთბილისი :
_bიურისტების სამყარო,
_c2015.
300 _a449 გვ. ;
_c20 სმ.
504 _aბიბლოიგრაფია გვ. 441-449
541 _h18ლ.
653 _aსამართალი
653 _aსაქართველოს სისხლის სამართლის პროცესი
700 _aგახოკიძე, ჯ.
_eრედაქტორი
_99284
700 _aმამნიაშვილი, მ.
_eრედაქტორი
_911931
700 _aგაბისონია, ი.
_eრედაქტორი
_99250
942 _cBK
_2udc